| 000 | 00390 a2200157 4500 | ||
|---|---|---|---|
| 001 | 74359 | ||
| 020 | _a9788532273949 | ||
| 040 | _cAnchieta - Colégio São Paulo | ||
| 100 | _aBarbosa, Rogério Andrade | ||
| 240 | 1 | 0 |
_aEm Angola tem? No Brasil Tambem! _lpor |
| 245 | 1 | 0 | _aEm Angola tem? No Brasil Tambem! |
| 300 | _a44 | ||
| 362 | 0 | _a2010 | |
| 650 | 4 | _aLiteratura infantil | |
| 942 | _cBK | ||
| 999 |
_c74359 _d74359 |
||